000 00700nam a22002177a 4500
003 UA-OsUOA
001 101682
007 ta
008 20130704b un ||||| |||| 00| 0 ukr d
100 _aІщук С.О.
090 _a330(477)
_bИ99
942 _cSA
040 _aUA-OsUOA
_bukr
_cUA-OsUOA
_dUA-OsUOA
245 _aІнвестиції в основний капітал та їх вплив на соціально-економічний розвиток регіону
300 _aС.35-43
955 _a0
041 _aukr
080 _a330(477)
773 0 _w101679
_tРегіональна економіка
_dЛьвів
_d2013
_g1
650 7 _a330 Економіка взагалі
_2UDC
999 _c387900
_d387900